Sports Quiz

Random Sports or MLB Quiz

MLB Last 10 All-Star Pitchers Quiz Stats

 Plays Quiz not verified by Sporcle

Support Sporcle.
Go Orange.
Score 0/291 Timer 20:00
0 Plays Today
Team Player % Correct
Arizona DiamondbacksRandy Johnson
95.8%
Miami Marlins [Florida Marlins]Josh Johnson
95.6%
Arizona DiamondbacksCurt Schilling
91%
Boston Red SoxCurt Schilling
91%
Philadelphia PhilliesCurt Schilling
91%
Chicago CubsGreg Maddux
90.5%
Atlanta BravesTom Glavine
89.9%
New York MetsTom Glavine
89.9%
Atlanta BravesJohn Smoltz
88.6%
Boston Red SoxPedro Martinez
88.1%
New York MetsPedro Martinez
88.1%
Washington Nationals [Montreal Expos]Pedro Martinez
88.1%
Baltimore OriolesTippy Martinez
87.9%
Washington Nationals [Montreal Expos]Dennis Martinez
87.9%
Cleveland IndiansC.C. Sabathia
86.4%
New York YankeesC.C. Sabathia
86.4%
Cleveland IndiansCliff Lee
86.3%
Philadelphia PhilliesCliff Lee
86.3%
Seattle MarinersCliff Lee
86.3%
Washington Nationals [Montreal Expos]Livan Hernandez
84.8%
Chicago White SoxRoberto Hernandez
84.7%
Seattle MarinersFelix Hernandez
84.7%
Tampa Bay RaysRoberto Hernandez
84.7%
Atlanta BravesTim Hudson
84.5%
Oakland AthleticsTim Hudson
84.5%
Philadelphia PhilliesRoy Halladay
84.2%
Toronto Blue JaysRoy Halladay
84.2%
Houston AstrosRoger Clemens
83%
Minnesota TwinsJohan Santana
83%
New York MetsJohan Santana
83%
New York YankeesRoger Clemens
83%
Toronto Blue JaysRoger Clemens
83%
Los Angeles Angels of AnaheimErvin Santana
82.9%
Arizona DiamondbacksBrandon Webb
82.3%
Detroit TigersJustin Verlander
82.2%
New York YankeesMariano Rivera
81.5%
Baltimore OriolesMike Mussina
80.3%
Boston Red SoxJosh Beckett
80.3%
Chicago CubsKerry Wood
79.6%
St Louis CardinalsChris Carpenter
79.4%
Chicago CubsCarlos Zambrano
79.3%
San Francisco GiantsTim Lincecum
78.6%
Oakland AthleticsBarry Zito
78.5%
Los Angeles DodgersClayton Kershaw
78.5%
Kansas City RoyalsZack Greinke
77.5%
Houston AstrosRoy Oswalt
77%
New York YankeesAndy Pettitte
76.9%
Chicago White SoxMark Buehrle
76.8%
San Francisco GiantsRod Beck
76.7%
Boston Red SoxJon Lester
76.4%
San Francisco GiantsBrian Wilson
74.8%
Texas RangersC.J. Wilson
74.7%
Colorado RockiesUbaldo Jimenez
74.4%
Chicago CubsMark Prior
74.4%
St Louis CardinalsAdam Wainwright
74.4%
San Diego PadresJake Peavy
73.5%
Philadelphia PhilliesCole Hamels
73%
Boston Red SoxJonathan Papelbon
72.9%
Tampa Bay RaysDavid Price
72.5%
Los Angeles Angels of AnaheimFrancisco Rodriguez
72.2%
New York MetsFrancisco Rodriguez
72.2%
Oakland AthleticsMark Mulder
71.8%
San Francisco GiantsMatt Cain
71.3%
Los Angeles DodgersKevin Brown
71%
Miami Marlins [Florida Marlins]Kevin Brown
71%
San Diego PadresKevin Brown
71%
Texas RangersKevin Brown
71%
Los Angeles Angels of AnaheimJered Weaver
70.3%
Arizona DiamondbacksByung-Hyun Kim
68.4%
Boston Red SoxDerek Lowe
68.2%
Detroit TigersJack Morris
67.6%
Minnesota TwinsJack Morris
67.6%
St Louis CardinalsMatt Morris
67.6%
Tampa Bay RaysJames Shields
67.1%
Arizona DiamondbacksDan Haren
66.9%
Oakland AthleticsDan Haren
66.9%
Detroit TigersTodd Jones
66.2%
New York MetsBobby Jones
66.1%
Kansas City RoyalsDavid Cone
65.9%
New York YankeesDavid Cone
65.9%
Detroit TigersDavid Wells
65.7%
Toronto Blue JaysDavid Wells
65.7%
Milwaukee BrewersTrevor Hoffman
64.9%
San Diego PadresTrevor Hoffman
64.9%
Boston Red SoxTim Wakefield
64.7%
Milwaukee BrewersBen Sheets
63.7%
Atlanta BravesCraig Kimbrel
63.4%
Baltimore OriolesLee Smith
63.3%
St Louis CardinalsLee Smith
63.3%
Cincinnati RedsBronson Arroyo
62.1%
Colorado RockiesMike Hampton
62.1%
Houston AstrosMike Hampton
62.1%
Atlanta BravesBilly Wagner
61.3%
Detroit TigersKenny Rogers
61.3%
Houston AstrosBilly Wagner
61.3%
New York MetsBilly Wagner
61.3%
Philadelphia PhilliesBilly Wagner
61.3%
Team Player % Correct
Texas RangersKenny Rogers
61.3%
Seattle MarinersJamie Moyer
61%
Los Angeles Angels of AnaheimBartolo Colon
60.8%
Cleveland IndiansBartolo Colon
60.8%
Los Angeles Angels of AnaheimJohn Lackey
60.1%
Los Angeles DodgersEric Gagne
59.5%
Miami Marlins [Florida Marlins]Dontrelle Willis
59.4%
Minnesota TwinsJoe Nathan
59.4%
Seattle MarinersFreddy Garcia
58.6%
Baltimore OriolesB.J. Ryan
58.4%
Toronto Blue JaysB.J. Ryan
58.4%
Oakland AthleticsGio Gonzalez
57.6%
Houston AstrosBrad Lidge
57.1%
Philadelphia PhilliesBrad Lidge
57.1%
St Louis CardinalsWoody Williams
55.9%
Pittsburgh PiratesMike Williams
55.8%
Detroit TigersEdwin Jackson
54.6%
San Francisco GiantsJason Schmidt
54.6%
Kansas City RoyalsJoakim Soria
53.8%
Chicago CubsRyan Dempster
53.5%
Miami Marlins [Florida Marlins]Ryan Dempster
53.5%
Tampa Bay RaysScott Kazmir
53.4%
Cleveland IndiansChris Perez
52.7%
Los Angeles DodgersOdalis Perez
52.7%
Washington Nationals [Montreal Expos]Carlos Perez
52.7%
Miami Marlins [Florida Marlins]Al Leiter
52.6%
New York MetsAl Leiter
52.6%
Minnesota TwinsFrancisco Liriano
52.5%
Baltimore OriolesRandy Myers
52.4%
Chicago CubsRandy Myers
52.4%
San Diego PadresMark Davis
51.7%
Milwaukee BrewersYovani Gallardo
51.4%
Boston Red SoxClay Buchholz
51.1%
Arizona DiamondbacksJose Valverde
50.4%
Detroit TigersJose Valverde
50.4%
Minnesota TwinsBrad Radke
50%
New York YankeesJavier Vazquez
49.7%
Atlanta BravesJair Jurrjens
49.1%
Chicago White SoxBobby Jenks
49%
Houston AstrosDoug Drabek
48.2%
New York MetsBret Saberhagen
48.1%
Cincinnati RedsEdinson Volquez
48%
Cincinnati RedsFrancisco Cordero
47.4%
Milwaukee BrewersFrancisco Cordero
47.4%
Texas RangersFrancisco Cordero
47.4%
Washington Nationals [Montreal Expos]Chad Cordero
47.4%
Oakland AthleticsJason Isringhausen
47.2%
St Louis CardinalsJason Isringhausen
47.2%
Cincinnati RedsJose Rijo
46.6%
New York YankeesDavid Robertson
46.6%
Houston AstrosDarryl Kile
45.5%
St Louis CardinalsDarryl Kile
45.5%
Cleveland IndiansFausto Carmona
45.2%
Los Angeles DodgersBrad Penny
44.8%
Atlanta BravesRuss Ortiz
43.9%
Colorado RockiesAaron Cook
43.6%
Chicago White SoxEsteban Loaiza
43.4%
Oakland AthleticsKeith Foulke
43.1%
Chicago White SoxJon Garland
42.5%
Chicago CubsTed Lilly
41.8%
Toronto Blue JaysTed Lilly
41.8%
San Diego PadresChris Young
41.6%
San Diego PadresHeath Bell
41.2%
Cleveland IndiansJose Mesa
41.1%
San Francisco GiantsRobb Nen
41%
Los Angeles DodgersChad Billingsley
40.6%
Toronto Blue JaysPat Hentgen
40.3%
Miami Marlins [Florida Marlins]Carl Pavano
39.7%
Kansas City RoyalsKevin Appier
39.6%
Cleveland IndiansCharles Nagy
39.3%
Oakland AthleticsAndrew Bailey
38.9%
Chicago White SoxJose Contreras
38.8%
New York YankeesPhil Hughes
38.7%
Chicago CubsCarlos Marmol
38.6%
Los Angeles Angels of AnaheimTroy Percival
37.9%
Texas RangersNeftali Feliz
37.6%
Tampa Bay RaysRafael Soriano
37.5%
Chicago CubsJon Lieber
36.6%
Los Angeles DodgersChan Ho Park
36.4%
Texas RangersJeff Zimmerman
36%
Minnesota TwinsScott Erickson
35.9%
Atlanta BravesJohn Burkett
34.6%
San Francisco GiantsJohn Burkett
34.6%
Houston AstrosJose Lima
34.3%
Cincinnati RedsRob Dibble
33.9%
Los Angeles Angels of AnaheimBrian Fuentes
33.7%
Colorado RockiesBrian Fuentes
33.7%
Washington Nationals [Montreal Expos]Tim Burke
33.4%
Cleveland IndiansChuck Finley
32.7%
Toronto Blue JaysRicky Romero
32.6%
Los Angeles DodgersJonathan Broxton
32.3%
Miami Marlins [Florida Marlins]Armando Benitez
32.3%
New York MetsArmando Benitez
32.3%
Kansas City RoyalsGil Meche
32.2%
New York YankeesTom Gordon
32.1%
Philadelphia PhilliesTom Gordon
32.1%
Seattle MarinersJ.J. Putz
31.5%
Team Player % Correct
Texas RangersJohn Wetteland
31.4%
Pittsburgh PiratesZach Duke
30.8%
Pittsburgh PiratesDenny Neagle
30.5%
Cleveland IndiansJake Westbrook
30.4%
Atlanta BravesJonny Venters
30.2%
Washington Nationals [Montreal Expos]Ken Hill
29.8%
Seattle MarinersKazuhiro Sasaki
28.7%
Philadelphia PhilliesRandy Wolf
28.6%
Cincinnati RedsTom Browning
28.1%
Toronto Blue JaysJuan Guzman
27.5%
San Francisco GiantsRyan Vogelsong
26.7%
Baltimore OriolesMike Boddicker
26.3%
Cincinnati RedsJohn Smiley
25.4%
Pittsburgh PiratesJohn Smiley
25.4%
Houston AstrosShane Reynolds
25.3%
Pittsburgh PiratesJoel Hanrahan
25.2%
Oakland AthleticsTrevor Cahill
25%
Cincinnati RedsNorm Charlton
24.9%
Cleveland IndiansBob Wickman
24.7%
Milwaukee BrewersBob Wickman
24.7%
Chicago CubsSteve Trachsel
24.7%
St Louis CardinalsTom Henke
24.7%
Kansas City RoyalsJeff Montgomery
24.3%
Boston Red SoxMatt Clement
24.3%
Boston Red SoxUgueth Urbina
24.2%
Washington Nationals [Montreal Expos]Ugueth Urbina
24.2%
Minnesota TwinsEddie Guardado
23.6%
Baltimore OriolesGregg Olson
23.5%
San Diego PadresAndy Benes
23.5%
Chicago White SoxWilson Alvarez
23.3%
New York YankeesMike Stanton
22.8%
Texas RangersAaron Sele
22.1%
Philadelphia PhilliesVicente Padilla
21.7%
Washington Nationals [Montreal Expos]Matt Capps
21.7%
Seattle MarinersJeff Nelson
21.3%
Minnesota TwinsRick Aguilera
21.2%
Seattle MarinersMichael Pineda
20.8%
New York MetsRick Reed
20.4%
Colorado RockiesJason Marquis
20.1%
Minnesota TwinsEric Milton
20.1%
Detroit TigersJustin Thompson
19.8%
Milwaukee BrewersChris Capuano
19.8%
Washington Nationals [Montreal Expos]Tyler Clippard
19.7%
Boston Red SoxHideki Okajima
19.6%
St Louis CardinalsRyan Franklin
19.6%
Cincinnati RedsDanny Graves
19.3%
Minnesota TwinsJoe Mays
19.3%
Chicago White SoxMatt Thornton
19.2%
Seattle MarinersBrandon League
19.1%
Pittsburgh PiratesBob Walk
18.9%
Miami Marlins [Florida Marlins]Bryan Harvey
18.8%
Philadelphia PhilliesPaul Byrd
18.6%
Los Angeles Angels of AnaheimJoe Saunders
18.4%
Baltimore OriolesScott McGregor
17.8%
Toronto Blue JaysDuane Ward
17.4%
San Diego PadresAndy Ashby
17.3%
Cincinnati RedsArthur Rhodes
17.1%
Pittsburgh PiratesRick Reuschel
16.9%
Texas RangersAlexi Ogando
16.8%
Baltimore OriolesGeorge Sherrill
15.7%
Los Angeles Angels of AnaheimJordan Walden
15.5%
Kansas City RoyalsAaron Crow
15.2%
San Diego PadresRich Gossage
14.3%
Los Angeles DodgersTakashi Saito
14.2%
Los Angeles DodgersJeff Shaw
14.2%
Milwaukee BrewersDerrick Turnbow
13.7%
Tampa Bay RaysLance Carter
13.7%
Milwaukee BrewersDan Plesac
13.3%
Chicago White SoxJason Bere
13.3%
Cincinnati RedsScott Williamson
13.3%
Detroit TigersDoyle Alexander
13.2%
Pittsburgh PiratesEvan Meek
12.7%
Chicago White SoxJames Baldwin
12.6%
Los Angeles DodgersHong-Chih Kuo
11.8%
Pittsburgh PiratesKevin Correia
11.6%
San Diego PadresLamarr Hoyt
11.1%
San Francisco GiantsShawn Estes
11%
Tampa Bay RaysRolando Arrojo
10.2%
Detroit TigersMike Henneman
9.9%
Colorado RockiesShawn Chacon
9.6%
Tampa Bay RaysDanys Baez
9.2%
Milwaukee BrewersDanny Kolb
9.1%
Kansas City RoyalsMark Redman
9%
Kansas City RoyalsMike MacDougal
8.4%
Seattle MarinersShigetoshi Hasegawa
8.4%
St Louis CardinalsKent Bottenfield
8.1%
Los Angeles Angels of AnaheimBrendan Donnelly
7.8%
Atlanta BravesMike Remlinger
7.8%
Milwaukee BrewersRicky Bones
7.6%
Oakland AthleticsJustin Duchscherer
7.3%
San Francisco GiantsJeff Brantley
7.1%
Toronto Blue JaysPaul Quantrill
6.8%
Kansas City RoyalsJose Rosado
6.5%
Houston AstrosJohn Hudek
5.3%
Texas RangersRoger Pavlik
5.3%
Baltimore OriolesDon Aase
5.1%
Pittsburgh PiratesNeal Heaton
3.5%

You're not logged in!

Compare scores with friends on all Sporcle quizzes.
OR
Log In

From the Vault

2018 World Cup Teams

by NO_r_WAY

Place your bets.
Remove Ads.
Support Sporcle.
Get the best of Sporcle when you Go Orange. This ad-free experience offers more features, more stats, and more fun while also helping to support Sporcle. Thank you for becoming a member.

Show Comments

Extras

Top Quizzes Today


Score Distribution

Your Account Isn't Verified!

In order to create a playlist on Sporcle, you need to verify the email address you used during registration. Go to your Sporcle Settings to finish the process.

Report this User

Report this user for behavior that violates our Community Guidelines.

Details: